駅利用者数ランキングTOP20(岡山県) - Statistics

General Stats
  • This quiz has been taken 243 times
  • The average score is 13 of 20
Answer Stats
駅名 利用者数 % Correct
1 岡山 137957
100%
2 倉敷 29014
99%
3 新倉敷 13604
97%
7 東岡山 6808
84%
12 総社 6080
79%
8 児島 6368
78%
14 笠岡 5308
71%
9 茶屋町 6300
70%
5 北長瀬 8306
63%
10 西川原 6266
62%
19 瀬戸 4512
59%
6 庭瀬 7062
56%
11 西大寺 6140
54%
15 妹尾 5124
54%
4 中庄 12904
52%
13 高島 5782
47%
16 西阿知 5068
47%
20 清音 4456
45%
17 鴨方 5002
41%
18 倉敷市 4660
39%
No matching quizzes found
Score Distribution
Percent of People with Each Score
Percentile by Number Answered
Your Score History
You have not taken this quiz